000 00471nam a2200181Ia 4500
001 9654
005 20260306161734.0
008 260306t2015||||xx |||||||||||||| ||spa||
041 _aESP
082 _a388
_bA57 2015
100 _aAnaya Tejero, Julio Juan
_eAUT
245 0 _aEl transporte de mercancías:
_benfoque logístico de la distribución
260 _c2015
300 _a188 páginas :
_c24 cm.
650 _aGEN
654 _aCAN
942 _cLIB
_dJUS
_fJUS
_2ddc
_n
999 _c9654
_d9654